书目信息 |
| 题名: |
卫星遥感图像计算机分类与地学应用研究
|
|
| 作者: | 曾志远 著 | |
| 分册: | ||
| 出版信息: | 北京 科学出版社 2004.90 |
|
| 页数: | ||
| 开本: | 16开 | |
| 丛书名: | ||
| 单 册: | ||
| 中图分类: | TP751.1 | |
| 科图分类: | ||
| 主题词: | 遥感图象--图象解译 , 遥感图象--图象识别 , 遥感图象--图象处理 | |
| 电子资源: | ||
| ISBN: | 7-03-012832-X | |
| 000 | 00660nam0 2200205 450 | |
| 001 | 0736196517 | |
| 005 | 20070924100316.51 | |
| 010 | @a7-03-012832-X@d¥78.00 | |
| 100 | @a20070924d km y0chiy0120 ea | |
| 101 | 0 | @achi |
| 200 | 1 | @a卫星遥感图像计算机分类与地学应用研究@Awei xing yao gan tu xiang ji suan ji fen lei yu di xue ying yong yan jiu@f曾志远 著@Fceng zhi yuan zhu |
| 210 | @a北京@c科学出版社@d2004.90 | |
| 215 | @d16开 | |
| 606 | 0 | @a遥感图象@x图象解译 |
| 606 | 0 | @a遥感图象@x图象识别 |
| 606 | 0 | @a遥感图象@x图象处理 |
| 690 | @aTP751.1@v3 | |
| 701 | 0 | @a曾志远@Aceng zhi yuan@4著 |
| 801 | 0 | @aCN@bPFT@c20070924 |
| 905 | @a213230@dTP751.1@eZY10@f1 | |
| 卫星遥感图像计算机分类与地学应用研究/曾志远 著.-北京:科学出版社,2004.90 |
| 16开 |
| ISBN 7-03-012832-X:¥78.00 |
| ● |
| 相关链接 |
|
|
|
|
正题名:卫星遥感图像计算机分类与地学应用研究
索取号:TP751.1/ZY10
 
预约/预借
| 序号 | 登录号 | 条形码 | 馆藏地/架位号 | 状态 | 备注 |
| 1 | 7901645 | 279016459 | 密集书库-资源管理系/ [索取号:TP751.1/ZY10] | 在馆 |